| 000 | 00844nam a2200253Ia 4500 | ||
|---|---|---|---|
| 003 | OSt | ||
| 005 | 20220923211149.0 | ||
| 006 | a|||||r|||| 00| 0 | ||
| 007 | ta | ||
| 008 | Pun | ||
| 020 |
_a8187645155 (hbk) _c580 |
||
| 024 | _a284,593 | ||
| 037 |
_b921, 20/03/2015, H.K. Prakashan _cTextual |
||
| 040 |
_aARTS _cARTS _bPun |
||
| 041 |
_2Pun _aPun |
||
| 082 | _aO153(Y15),1x, Q3 | ||
| 100 |
_aਸੁਨੀਲ ਕੁਮਾਰ _9156290 |
||
| 245 | 0 |
_aਪੰਜਾਬੀ ਨਾਰੀ ਕਾਵਿ _b ਸਰੋਕਾਰ ਅਤੇ ਦ੍ਰਿFਟੀ |
|
| 260 |
_aਦਿੱਲੀ _b ਮਨਪ੍ਰੀਤ _c2013 |
||
| 300 |
_a384ਪੰ _ccm. |
||
| 650 | _aਪੰਜਾਬੀ ਸਾਹਿਤ | ||
| 942 |
_hO153(Y15),1x, Q3 _cTEXL _2CC |
||
| 999 |
_c296193 _d296193 |
||